| 000 | 01158nam a22003015a 4500 | ||
|---|---|---|---|
| 003 | OSt | ||
| 005 | 20201128024147.0 | ||
| 008 | 170615s2014 ua a grbd 000 0 ara d | ||
| 017 | _a2013 / 16775 | ||
| 020 | _a9789772815104 | ||
| 040 |
_aEG-ScBUE _bara _cEG-ScBUE |
||
| 041 | 1 |
_aara _aeng |
|
| 082 | 0 | 4 |
_222 _b903 _aح م د |
| 100 | 1 | _aحمدي، محمد. | |
| 245 | 1 | 0 |
_aقاموس التواريخ : _bيوميات الأحداث (الجداول الزمنية) وقوائم مرجعية تاريخية / _cتأليف محمد حمدي ؛ تقديم محمد حسنين هيكل. |
| 246 | 3 | 5 |
_aDictionary of dates : _bindex (alphabetical) |
| 250 | _aط. 1. | ||
| 260 |
_aالجيزة، مصر : _bالمكتبة الأكاديمية، _c2014. |
||
| 300 |
_a2 مج. : _bإيض. ؛ _c24 سم. |
||
| 504 | _aيشتمل على إرجاعات ببليوجرافية. | ||
| 546 | _aالنص باللغتين العربية والإنجليزية. | ||
| 590 | _aدعاء | ||
| 650 | 7 |
_2BUEsh _aالتاريخ _vمعاجم. |
|
| 651 | _2BUEsh | ||
| 653 |
_bGGEN _cJune2017 |
||
| 700 | 1 |
_aهيكل، محمد حسنين، _eمقدم. _91798 |
|
| 942 | _2ddc | ||
| 999 |
_c24939 _d24911 |
||